01285nam a2200337 a 4500001001200000003000800012006001900020007001500039008004100054010001700095020003000112020002700142020002700169040002100196035002100217043001200238050002600250082002300276245007800299260004900377300001500426504005100441533015200492650006800644650001900712655002900731700002500760710001700785856012600802999001900928ebr10671186CaPaEBRm u cr cn|||||||||081223s2009 nyu sb 001 0 eng d z 2008055217 z9781606928103 (hardcover) z1606928104 (hardcover) z9781613245484 (e-book) aCaPaEBRcCaPaEBR a(OCoLC)847218514 an-us---14aHD9560.6b.G46 2009eb04a338.2/7282097322200aGeopolitics of oilh[electronic resource] /cKatherine T. Harris, editor. aNew York :bNova Science Publishers,cc2009. avi, 165 p. aIncludes bibliographical references and index. aElectronic reproduction.bPalo Alto, Calif. :cebrary,d2013.nAvailable via World Wide Web.nAccess may be limited to ebrary affiliated libraries. 0aPetroleum industry and tradexGovernment policyzUnited States. 0aGlobalization. 7aElectronic books.2local1 aHarris, Katherine T.2 aebrary, Inc.40uhttp://site.ebrary.com/lib/rucke/Doc?id=10671186zAn electronic book accessible through the World Wide Web; click to view c176134d176134